书目信息 |
| 题名: |
英语三百句
|
|
| 作者: | 孙亦丽 编著 | |
| 分册: | ||
| 出版信息: | 北京 北京大学出版社 2007.04 |
|
| 页数: | 250页 | |
| 开本: | 19cm | |
| 丛书名: | 外语实用口语三百句系列 | |
| 单 册: | ||
| 中图分类: | H319.9 | |
| 科图分类: | ||
| 主题词: | 英语--ying yu--口语 | |
| 电子资源: | ||
| ISBN: | 978-7-301-02659-5 | |
| 000 | 01016nam 2200289 450 | |
| 001 | 012008859942 | |
| 005 | 20080901153124.07 | |
| 010 | @a978-7-301-02659-5@dCNY25.00 (含光盘) | |
| 016 | @aCN-A20-07-0000-0@b光盘 | |
| 100 | @a20080901d2007 em y0chiy0120 ea | |
| 101 | 0 | @achi@aeng |
| 102 | @aCN@b110000 | |
| 105 | @ay z 000yy | |
| 106 | @ar | |
| 200 | 1 | @a英语三百句@Aying yu san bai ju@d= English 300@f孙亦丽编著@Fsun yi li bian zhu@zeng |
| 205 | @a第2版 | |
| 210 | @a北京@c北京大学出版社@d2007.04 | |
| 215 | @a250页@d19cm@e光盘1片 | |
| 225 | 2 | @a外语实用口语三百句系列@Awai yu shi yong kou yu san bai ju xi lie@v1 |
| 330 | @a本书是为希望在短期内学会一些基础英语的学习者编写的。内容涉及两大部分:一部分是表达打招呼、感谢、道歉、祝愿、告别等基本常用语。 | |
| 410 | 0 | @12001 @a外语实用口语三百句系列 |
| 510 | 1 | @aEnglish 300@zeng |
| 606 | 0 | @a英语@Aying yu@x口语 |
| 690 | @aH319.9@v4 | |
| 701 | 0 | @a孙亦丽@Asun yi li@4编著 |
| 801 | 0 | @aCN@bQSSK@c20080901 |
| 905 | @b733019-21@dH319.9@eS973@f3 | |
| 英语三百句= English 300/孙亦丽编著.-第2版.-北京:北京大学出版社,2007.04 |
| 250页;19cm+光盘1片.-(外语实用口语三百句系列;1) |
| ISBN 978-7-301-02659-5:CNY25.00 (含光盘) |
| 本书是为希望在短期内学会一些基础英语的学习者编写的。内容涉及两大部分:一部分是表达打招呼、感谢、道歉、祝愿、告别等基本常用语。 |
| ● |
| 相关链接 |
|
|
|
正题名:英语三百句
索取号:H319.9/S973
 
预约/预借
| 序号 | 登录号 | 条形码 | 馆藏地/架位号 | 状态 | 备注 |
| 1 | 733019 | 207330191 | 语言库209/209语言库 108排1列2层/ [索取号:H319.9/S973] | 在馆 | |
| 2 | 733020 | 207330208 | 语言库209/209语言库 108排1列2层/ [索取号:H319.9/S973] | 在馆 | |
| 3 | 733021 | 207330217 | 语言库209/209语言库 108排1列2层/ [索取号:H319.9/S973] | 在馆 |